00838 a2200157 45000010006000000050017000060080041000230030015000640400040000790800031001192450026001502640044001763000019002205050417002391000024006565333620260407155807.0260407a1953 arg spa dAR-UNSa-BCEJYS aAR-UNSa-BCEJYSbspacAR-UNSa-BCEJYS a330xEconomía en general10aSistemas económicos 1aBuenos Aires :bEdiciones Arayúc1953 a250 p.c24 cm. a1. Concepto y definición del sistema económico – 2. Clasificación de los sistemas económicos – 3. Estructura de los sistemas económicos: I. Sistemas individualista o capitalista – II. Sistema colectivista – III. Otras clasificaciones – 4. El problema del cálculo económico: 1. El cálculo económico en el sistema capitalista – 2. El cálculo económico en el sistema colectivista. 1 aAlemann, Roberto T.